000 00637nam a2200217 i 4500
001 30600
003 ES-MaACL
005 20230906154224.0
007 t|
008 030127s1948 sp ||||1| spa d
100 1 _aBastos Mora, Felipe.
_926383
245 1 0 _aCirugía de la parálisis espásticas /
_cpor F. Bastos Mora.
250 _a[1ª ed.].
260 _a[S.l.] :
_bJosé Janés,
_c[1948]
300 _a151 p., 52 lám. :
_bil. ;
_c20 cm.
490 1 _aPublicaciones médicas
650 4 _aParálisis.
_9148549
830 0 _aPublicaciones médicas
_9181357
852 _aES-MaACL
_jE-501
_bR.26338
999 _c30600
_d30600